2022 FIFA WORLD CUP FINAL.. STARTING 11s - Statistics

General Stats
  • This quiz has been taken 72 times
  • The average score is 16 of 22
Answer Stats
Hint Answer % Correct
F Lionel Messi
97%
F Kylian Mbappe
95%
GK Emiliano Martinez
90%
GK Hugo Lloris
90%
F Angel Di Maria
89%
ST Julian Alvarez
85%
ST Olivier Giroud
85%
CAM Antoine Griezmann
84%
M Alexis Mac Allister
79%
F Ousmane Dembele
79%
D Cristian Romero
74%
D Raphael Varane
74%
M Aurelien Tchouameni
68%
D Theo Hernandez
68%
D Nicolas Otamendi
66%
D Jules Kounde
65%
D Dayot Upamecano
60%
M Enzo Fernandez
60%
M Rodrigo De Paul
60%
D Nahuel Molina
55%
M Adrien Rabiot
52%
D Nicolas Tagliafico
48%
No matching quizzes found
Score Distribution
Percent of People with Each Score
Percentile by Number Answered
Your Score History
You have not taken this quiz